Mental Imagery in Clinical Disorders (Record no. 49628)

MARC details
000 -LEADER
fixed length control field 02595nam a2200253Ia 4500
000 - LEADER
fixed length control field 02952naaa 00313uu
001 - CONTROL NUMBER
control field https://directory.doabooks.org/handle/20.500.12854/53183
005 - DATE AND TIME OF LATEST TRANSACTION
control field 20260218105826.0
008 - FIXED-LENGTH DATA ELEMENTS--GENERAL INFORMATION
fixed length control field 211013s9999 xx 000 0 und d
020 ## - INTERNATIONAL STANDARD BOOK NUMBER
International Standard Book Number 978-2-88945-262-0
024 ## - OTHER STANDARD IDENTIFIER
Standard number or code 10.3389/978-2-88945-262-0
042 ## - AUTHENTICATION CODE
Authentication code dc
245 #0 - TITLE STATEMENT
Title Mental Imagery in Clinical Disorders
260 ## - PUBLICATION, DISTRIBUTION, ETC.
Name of publisher, distributor, etc. Frontiers Media SA
Date of publication, distribution, etc. 2017
300 ## - PHYSICAL DESCRIPTION
Extent 1 electronic resource (106 p.)
520 ## - SUMMARY, ETC.
Summary, etc. Mental imagery refers to the mental simulation or recreation of perceptual experience across different sensory modalities. The exploration of mental imagery represents a new and important area within clinical psychology, but arguably one still in its infancy. While mental imagery has featured prominently in recent theoretical accounts of disorders as diverse as post-traumatic stress disorder, phobia, body dysmorphic disorder, mood disorders, and psychosis, there remains an insufficiently strong theoretical and methodological foundation to enable comparison of the role of imagery across such different disorders. The current research topic presents a diverse range of cutting-edge papers focusing on investigating the underlying mechanisms and/or treatment interventions associated with mental imagery in clinical disorders, with the goal of helping establish those common elements most clinically relevant when investigating mental imagery. The research topic comprises fifteen articles drawn from the fields of psychiatry, psychology, and neuroscience. This is a unique collection of articles that combine different perspectives from the field of clinical psychology with more diverse perspectives drawn from the wider literature on mental imagery. The original research studies and theoretical articles presented are organised around four main chapters that cover imagery and eye movements, imagery and craving, imagery and autobiographical memory, and imagery and clinical disorders. We believe that the range of submissions presented in the research topic make a strong contribution to helping establish a theoretical and methodological foundation that can enable the effective study of imagery across different disorders and domains.
540 ## - TERMS GOVERNING USE AND REPRODUCTION NOTE
Terms governing use and reproduction Creative Commons
653 ## - INDEX TERM--UNCONTROLLED
Uncontrolled term clinical psychology
700 1# - ADDED ENTRY--PERSONAL NAME
Personal name David G. Pearson
700 1# - ADDED ENTRY--PERSONAL NAME
Personal name Julie Krans
856 ## - ELECTRONIC LOCATION AND ACCESS
Uniform Resource Identifier <a href="https://docs.google.com/spreadsheets/d/1yKIrdCPDAG_9c22mwoOIO2DOhtj65Wqa/edit?usp=sharing&ouid=106555315294820607512&rtpof=true&sd=true ">https://docs.google.com/spreadsheets/d/1yKIrdCPDAG_9c22mwoOIO2DOhtj65Wqa/edit?usp=sharing&ouid=106555315294820607512&rtpof=true&sd=true </a>
Link text List of Curated E-Books
942 ## - ADDED ENTRY ELEMENTS (KOHA)
Koha item type E-Book
Holdings
Withdrawn status Source of classification or shelving scheme Damaged status Not for loan Home library Current library Date acquired Total Checkouts Date last seen Price effective from Koha item type
  Library of Congress Classification   Not For Loan Directory of Open Access Books Directory of Open Access Books 12/22/2021   12/22/2021 12/22/2021 E-Book

University of Rizal System
Email us at univlibservices@urs.edu.ph

Visit our Website www.urs.edu.ph/library